Economía social (Registro nro. 7025)

Detalles MARC
000 -LEADER
fixed length control field 02085 a2200325 4500
001 - CONTROL NUMBER
control field 60515
005 - DATE AND TIME OF LATEST TRANSACTION
control field 20260407155856.0
008 - FIXED-LENGTH DATA ELEMENTS--GENERAL INFORMATION
fixed length control field 260407a2014 arg spa d
003 - CONTROL NUMBER IDENTIFIER
control field AR-UNSa-BCEJYS
040 ## - CATALOGING SOURCE
Original cataloging agency AR-UNSa-BCEJYS
Language of cataloging spa
Transcribing agency AR-UNSa-BCEJYS
080 ## - UNIVERSAL DECIMAL CLASSIFICATION NUMBER
Universal Decimal Classification number 330.342.146
Common auxiliary subdivision Economía social de mercado. Economía del estado del bienestar<br/>
020 ## - INTERNATIONAL STANDARD BOOK NUMBER
International Standard Book Number 978-987-630-172-5
041 ## - LANGUAGE CODE
Language code of text/sound track or separate title spa
100 1# - MAIN ENTRY--PERSONAL NAME
Personal name Vuotto, Mirta
245 10 - TITLE STATEMENT
Title Economía social
Name of part/section of a work Precisiones conceptuales y algunas experiencias históricas
264 #1 - PRODUCTION, PUBLICATION, DISTRIBUTION, MANUFACTURE, AND COPYRIGHT NOTICE
Place of production, publication, distribution, manufacture Los Polvorines :
Name of producer, publisher, distributor, manufacturer Universidad Nacional de General Sarmiento
Date of production, publication, distribution, manufacture, or copyright notice 2014
300 ## - PHYSICAL DESCRIPTION
Extent 255 p.
Dimensions 21 cm.
505 ## - FORMATTED CONTENTS NOTE
Formatted contents note 1. Estudios de economía social. Segunda lección - Intervención de las doctrinas filosóficas / León Walras - 2. Charles Gide: una referencia singular para identificar la economia social y definir su identidad / Mirta Vuotto - 3. Teoría económica sistema y cooperativo / Julio H. G. Olivera - 4. Orígenes, contextos y funciones de un tercer gran sector / Jacques Defourny - 5. La economía social como enfoque metodológico, como objeto de estudio y como disciplina científica / Rafael Chavez - 6. La economía social: tercer sector de un nuevo escenario / José Luis Monzón - 7. La larga marcha del concepto de economía social / Jacques Defourny - 8. La economía social en Québec: elementos teóricos y empíricos para el debate y la investigación / Benoít Lévesque y Margueritte Mendell - 9. La cooperación y la economía social / Marie-Claire Mallo - 10. Las empresas de economía social ¿Generan mayores innovaciones sociales que las empresas de otro tipo? / Benoít Lévesque<br/>
590 ## - LOCAL NOTE (RLIN)
Local note niveau_biblio:m niveau_hierar:0
700 1# - ADDED ENTRY--PERSONAL NAME
Personal name Chavez, Rafael
700 1# - ADDED ENTRY--PERSONAL NAME
Personal name Defourny, Jacques
700 1# - ADDED ENTRY--PERSONAL NAME
Personal name Lévesque, Benoit
700 1# - ADDED ENTRY--PERSONAL NAME
Personal name Malo, Marie-Claire
700 1# - ADDED ENTRY--PERSONAL NAME
Personal name Mendell, Marguerite
700 1# - ADDED ENTRY--PERSONAL NAME
Personal name Monzón, José Luis
700 1# - ADDED ENTRY--PERSONAL NAME
Personal name Olivera, Julio H.G.
700 1# - ADDED ENTRY--PERSONAL NAME
Personal name Walras, Léon
856 41 - ELECTRONIC LOCATION AND ACCESS
Uniform Resource Identifier <a href="https://www.biblioeco.unsa.edu.ar/pmb/images/libros/L129216.jpg">https://www.biblioeco.unsa.edu.ar/pmb/images/libros/L129216.jpg</a>
Link text Imagen de portada
Electronic format type image/jpeg
942 ## - ADDED ENTRY ELEMENTS (KOHA)
Koha item type
Existencias
Withdrawn status Lost status Damaged status Not for loan Home library Current library Shelving location Date acquired Total checkouts Full call number Barcode Date last seen Price effective from Koha item type
        Biblioteca Prof. Eusebio Cleto del Rey Biblioteca Prof. Eusebio Cleto del Rey   07/04/2026   330.342.146 V994 L129216 07/04/2026 07/04/2026 Libro